00676nam a2200193Ia 4500999001500000020001800015082001600033245008000049260004700129300001300176504001900189650002400208650002300232650003600255650003800291700002200329942000700351952012400358 c6928d6928 a9780521861212 a153.93 INT- 0aIntelligent testing: integrating psychological theory and clinical practice aNew YorkbCambridge University Pressc2009 axii, 252 aincludes index aPsychological tests aIntelligence tests aPsychological test for children aEducational tests and measurments aKaufman, James C. cBK 00104070aNASSDOCbNASSDOCd2009-11-25eVIBHAi2009-09-24l0o153.93 INT-p45894r2019-04-18 00:00:00w2019-04-18yBK